000 00487nam a2200181Ia 4500
005 20250326141746.0
008 250326s9999 xx 000 0 und d
037 _aTextbook
040 _aFMSL
_beng
_cFMSL
041 _aeng
_2eng
084 _qFMSL
100 _aMoonis Raza
_9139699
245 0 _aRenewable resources for regional development
_cMoonis Raza
260 _aNew Delhi
_bNew Delhi, Concept Pub.
_c1989
300 _a452p
942 _cTB
999 _c1291834
_d1291834